000 01067nac a22003257a 4500
001 BR6000517
003 BR-BrBNA
005 20240105112949.0
008 230509b bl.|||m| |||| 00| 0 por d
040 _aBR-BrBNA
_bpor
_cBiblioteca Nacional de Agricultura
072 _aE15; Q10; L00
090 _a5212 BR6000517
110 1 _aMinisterio da Agricultura, Rio de Janeiro, GB (Brasil). Servico de Estatistica da Producao
_96970
245 1 _aCarnes, derivados e subprodutos 1965 [Estatistica de producao; Brasil]
260 3 _aRio de Janeiro, GB (Brasil):
_c1966.
300 _a58 p.
490 _aCarnes, Derivados e Subprodutos - Ministerio da Agricultura. Servico de Estatistica da Producao (Brazil)
_v
_x
500 _aNumerical data
650 _aPecuaria
650 _aAbate
650 _aCarne
650 _aCouro
650 _aPele
650 _aGordura vegetal
650 _aOleo vegetal
650 _aEstatistica de producao
650 _aCusto de producao
909 _a202312
_bLúcia Elande
_c55
_dLúcia Elande
942 _2AGRIS
_n0
_cMS
999 _c261160
_d261160